| 000 | 00595nam a2200193Ia 4500 | ||
|---|---|---|---|
| 999 |
_c31783 _d31783 |
||
| 003 | OSt | ||
| 005 | 20210803113834.0 | ||
| 008 | 160316s2011 xxu||||| |||| 00| 0 eng d | ||
| 040 | _c. | ||
| 082 |
_a343.071000 _bPAT |
||
| 100 | _aPatil Dr. Ashok R. | ||
| 245 | _aRegional seminar on impact of misleading advertisements on consumers, December 11, 2011 | ||
| 260 |
_aBangalore _bMCA, FPD, DCA, CCLP, NLSIU _c2011 |
||
| 300 | _a122 | ||
| 650 | _aMisleading advertisements, consumer law | ||
| 700 |
_a _a |
||
| 856 | _u http://opac.nls.ac.in:8081/xmlui/handle/123456789/560 | ||
| 942 |
_2ddc _cREP |
||